The commonwealth of nations (Record no. 552696)
[ view plain ]
| 000 -LEADER | |
|---|---|
| fixed length control field | 01210cam a2200193K 4500 |
| 082 ## - DEWEY DECIMAL CLASSIFICATION NUMBER | |
| Classification number | 942.06 |
| Author Mark | COM |
| -- | D |
| 100 1# - MAIN ENTRY--PERSONAL NAME | |
| Personal name | Curtis, Lionel, |
| 9 (RLIN) | 49951 |
| 245 14 - TITLE STATEMENT | |
| Title | The commonwealth of nations |
| Remainder of title | an inquiry into the nature of citizenship in the British empire, and into the mutual relations of the several communities thereof ... |
| Statement of responsibility, etc. | ed. by L. Curtis. |
| 260 ## - PUBLICATION, DISTRIBUTION, ETC. | |
| Place of publication, distribution, etc. | London, |
| Name of publisher, distributor, etc. | Macmillan and Co., |
| Date of publication, distribution, etc. | 1918- |
| 300 ## - PHYSICAL DESCRIPTION | |
| Extent | 1 online resource. |
| Other physical details | fold. maps, fold. diagrs. |
| 500 ## - GENERAL NOTE | |
| General note | "First edition, 1916; reprinted 1917, 1918." |
| 500 ## - GENERAL NOTE | |
| General note | "The report is not the outcome of the investigations of a single man but the constructive criticism of one man's work by many hundreds of minds in all parts of the empire." This criticism was furnished by the Round table groups (so called from the name of the quarterly review instituted by their members) which were formed for studying the nature of citizenship in the British empire and the mutual relations of the several communities thereof. |
| 526 ## - STUDY PROGRAM INFORMATION NOTE | |
| Program name | 0 |
| Interest level | 0 |
| Reading level | 0 |
| Title point value | 942_060000000000000_COM |
| 650 #0 - SUBJECT ADDED ENTRY--TOPICAL TERM | |
| Topical term or geographic name entry element | Colonization. |
| 9 (RLIN) | 49952 |
| 650 #0 - SUBJECT ADDED ENTRY--TOPICAL TERM | |
| Topical term or geographic name entry element | MCE |
| 9 (RLIN) | 379 |
| 710 2# - ADDED ENTRY--CORPORATE NAME | |
| Corporate name or jurisdiction name as entry element | Round table. |
| 9 (RLIN) | 49953 |
| 856 40 - ELECTRONIC LOCATION AND ACCESS | |
| Uniform Resource Identifier | <a href="http://catalog.hathitrust.org/api/volumes/oclc/25528095.html">http://catalog.hathitrust.org/api/volumes/oclc/25528095.html</a> |
| 942 ## - ADDED ENTRY ELEMENTS (KOHA) | |
| Source of classification or shelving scheme | |
| Koha item type | Book |
| Withdrawn status | Lost status | Source of classification or shelving scheme | Damaged status | Not for loan | Permanent Location | Current Location | Shelving location | Date acquired | Total Checkouts | Full call number | Barcode | Date last seen | Price effective from | Koha item type |
|---|---|---|---|---|---|---|---|---|---|---|---|---|---|---|
| Military College of Engineering (MCE) | Military College of Engineering (MCE) | 01/21/2015 | 942.06 COM | MCE-ECC/24 | 01/21/2015 | 01/21/2015 | Book |
